[Event "12sen.WM-H Naumburg"]
[Site "Naumburg/Saale(20.10.-03.11.)"]
[Date "2002.10.30"]
[Round "8"]
[White "Kanko, Ilkka"]
[Black "Brameyer, Hermann"]
[Result "1-0"]
[WhiteElo "2265"]
[BlackElo "2294"]
[PlyCount "83"]
[EventDate "2002.11.??"]

1. d4 Nf6 2. c4 e6 3. Nf3 Bb4+ 4. Nbd2 d5 5. e3 O-O 6. b3 c5 7. Bb2 cxd4 8.
exd4 b6 9. Bd3 dxc4 10. bxc4 Nbd7 11. O-O Bb7 12. Qe2 Re8 13. Rad1 Bf8 14. Ne5
g6 15. f4 a6 16. Ndf3 Nxe5 17. fxe5 Nh5 18. Qe3 Qd7 19. g4 Bxf3 20. Rxf3 Ng7
21. Rdf1 Qa4 22. Rxf7 Qxa2 23. Qf2 a5 24. Rc7 a4 25. Be4 Rab8 26. Ra1 Qb3 27.
Ba3 Qc3 28. Bb2 Qb3 29. Rf1 a3 30. Bc1 Qh3 31. Qf7+ Kh8 32. Bg2 Qd3 33. Kh1 g5
34. d5 a2 35. Bb2 Qc2 36. Ba1 h6 37. d6 Red8 38. Qf6 Kh7 39. Re1 Qd2 40. Be4+
Kg8 41. Rg1 Rdc8 42. Qf7+ 1-0

[Event "12sen.WM-H Naumburg"]
[Site "Naumburg/Saale(20.10.-03.11.)"]
[Date "2002.10.30"]
[Round "8"]
[White "Karol, Wolfgang"]
[Black "Klose, Hans_Peter"]
[Result "1-0"]
[WhiteElo "1630"]
[BlackElo "1547"]
[PlyCount "53"]
[EventDate "2002.11.??"]

1. d4 Nf6 2. Nc3 d5 3. Bg5 e6 4. e4 h6 5. Bxf6 gxf6 6. exd5 exd5 7. Qd3 Bb4 8.
O-O-O Bxc3 9. Qxc3 Qd6 10. g3 c6 11. f4 O-O 12. Re1 Bf5 13. Bd3 Qd7 14. Nf3 Na6
15. Bxf5 Qxf5 16. Re7 Rfe8 17. Rhe1 Rec8 18. a3 c5 19. Nh4 Qh3 20. Qd3 cxd4 21.
Rxf7 Rxc2+ 22. Qxc2 Rc8 23. Re8+ Kxf7 24. Rxc8 Qf1+ 25. Qd1 Qh3 26. Qh5+ Ke6
27. Qe8+ 1-0

[Event "12sen.WM-H Naumburg"]
[Site "Naumburg/Saale(20.10.-03.11.)"]
[Date "2002.10.30"]
[Round "8"]
[White "Katalymov, Boris"]
[Black "Gruzmann, Boris"]
[Result "1-0"]
[WhiteElo "2378"]
[BlackElo "2265"]
[PlyCount "97"]
[EventDate "2002.11.??"]

1. e4 c5 2. Nf3 d6 3. d4 cxd4 4. Nxd4 Nf6 5. Nc3 a6 6. Be3 Ng4 7. Bg5 h6 8. Bh4
g5 9. Bg3 Bg7 10. Nf5 Bxf5 11. exf5 Qa5 12. Be2 Bxc3+ 13. bxc3 Nf6 14. Rb1
Qxc3+ 15. Kf1 Ne4 16. Kg1 Nd7 17. Rb3 Qf6 18. Bf3 Ndc5 19. Re3 Nxg3 20. hxg3
O-O-O 21. c4 Kb8 22. g4 e6 23. Qc2 h5 24. Rxh5 Rxh5 25. gxh5 exf5 26. g4 fxg4
27. Bxg4 Qf4 28. Qf5 Qxf5 29. Bxf5 Rh8 30. Rh3 Rh6 31. Kg2 Ne6 32. Bxe6 Rxe6
33. h6 Re8 34. f4 gxf4 35. Kf3 Kc7 36. Kxf4 Kc6 37. Kg5 d5 38. cxd5+ Kxd5 39.
Kf6 b5 40. h7 Rh8 41. Kg7 Rxh7+ 42. Kxh7 a5 43. Kh6 Kd4 44. Ra3 a4 45. Kg5 Kc4
46. Kf4 Kb4 47. Rd3 Kc4 48. Ke3 b4 49. Kd2 1-0

[Event "12sen.WM-H Naumburg"]
[Site "Naumburg/Saale(20.10.-03.11.)"]
[Date "2002.10.30"]
[Round "8"]
[White "Keze, Arnis"]
[Black "Dombrowski, Heinz_Guenter"]
[Result "1/2-1/2"]
[WhiteElo "2046"]
[BlackElo "1727"]
[PlyCount "147"]
[EventDate "2002.11.??"]

1. d4 e6 2. c4 d5 3. Nf3 f5 4. Ne5 Nf6 5. Bg5 Nbd7 6. Nc3 c6 7. e3 Be7 8. Rc1
O-O 9. cxd5 exd5 10. Bd3 Ne4 11. Bxe7 Qxe7 12. Nf3 Ndf6 13. O-O Nxc3 14. Rxc3
Ne4 15. Bxe4 fxe4 16. Ne5 Bf5 17. f4 exf3 18. Rxf3 Be4 19. Rg3 g6 20. Qg4 Qf6
21. Nf3 Kg7 22. h4 Rae8 23. Rb3 Rf7 24. h5 Bc2 25. hxg6 hxg6 26. Rc3 Bd1 27.
Qg5 Ref8 28. Qxf6+ Rxf6 29. Kf2 Rh8 30. Rc1 Bxf3 31. gxf3 Re6 32. Rcg1 Rh2+ 33.
R1g2 Rxg2+ 34. Rxg2 Kf6 35. f4 Re7 36. Rh2 Kg7 37. Kf3 a6 38. Rg2 Kf6 39. Rh2
Kg7 40. Rh3 Rf7 41. Rg3 Kf6 42. Rg5 Rh7 43. Kg2 b5 44. Re5 Rh8 45. a3 Rd8 46.
Kf3 Rb8 47. b4 Rh8 48. e4 Rh3+ 49. Kg4 Rxa3 50. exd5 cxd5 51. Rxd5 Ke6 52. Rc5
Kd6 53. Rg5 Ra4 54. Rxg6+ Kd5 55. f5 Kxd4 56. Rb6 Ra1 57. Kg5 Kc4 58. f6 Rg1+
59. Kf5 Rf1+ 60. Ke6 Re1+ 61. Kd7 Rd1+ 62. Rd6 Ra1 63. f7 Rf1 64. Ke7 Rxf7+ 65.
Kxf7 Kxb4 66. Rxa6 Kc3 67. Ke6 b4 68. Kd5 b3 69. Rc6+ Kd2 70. Kd4 b2 71. Rb6
Kc2 72. Rc6+ Kd2 73. Rb6 Kc2 74. Rxb2+ 1/2-1/2

[Event "12sen.WM-H Naumburg"]
[Site "Naumburg/Saale(20.10.-03.11.)"]
[Date "2002.10.30"]
[Round "8"]
[White "Klebaner, Yakov"]
[Black "Thuma, Horst"]
[Result "1/2-1/2"]
[WhiteElo "2041"]
[BlackElo "1678"]
[PlyCount "52"]
[EventDate "2002.11.??"]

1. Nf3 c5 2. c4 Nf6 3. Nc3 Nc6 4. g3 g6 5. Bg2 Bg7 6. O-O O-O 7. d3 d6 8. Bd2
Bg4 9. h3 Bd7 10. Rb1 Qc8 11. Kh2 Rb8 12. a3 a6 13. b4 cxb4 14. axb4 Na7 15.
Be3 Ra8 16. Qd2 Bc6 17. Rfc1 Qd7 18. Ra1 Bxf3 19. Bxf3 Nc6 20. Rcb1 Ne5 21. Bg2
e6 22. Kg1 d5 23. cxd5 Nxd5 24. Nxd5 exd5 25. Ra2 Rac8 26. Kh2 d4 1/2-1/2

[Event "12sen.WM-H Naumburg"]
[Site "Naumburg/Saale(20.10.-03.11.)"]
[Date "2002.10.30"]
[Round "8"]
[White "Klempt, Guenter"]
[Black "Bogorad, Michail"]
[Result "0-1"]
[WhiteElo "2069"]
[BlackElo "2197"]
[PlyCount "103"]
[EventDate "2002.11.??"]

1. Nf3 c5 2. g3 Nc6 3. Bg2 g6 4. O-O Bg7 5. c3 e5 6. e3 Qb6 7. d4 d6 8. d5 Nce7
9. Na3 Nf6 10. c4 O-O 11. Rb1 Bf5 12. Nc2 Qa6 13. Nh4 Qxc4 14. Nxf5 Nxf5 15. b3
Qa6 16. b4 b5 17. bxc5 dxc5 18. Qe2 Nd6 19. Na3 Rab8 20. e4 Nd7 21. Re1 Rb6 22.
Bf1 Rfb8 23. Bh3 Nf6 24. f3 b4 25. Nc2 Qxe2 26. Rxe2 Nb5 27. Bb2 Nd4 28. Bxd4
exd4 29. Ne1 a5 30. Rc2 Bf8 31. Nd3 Rb5 32. Rbc1 a4 33. Nxc5 Bxc5 34. Rxc5 Rxc5
35. Rxc5 b3 36. axb3 axb3 37. Rc1 b2 38. Rb1 Kf8 39. Kf2 Ke7 40. Ke2 Rb3 41.
Bg2 Nd7 42. Kd2 Nc5 43. Kc2 d3+ 44. Kd2 Na4 45. Bf1 Nc3 46. Bxd3 Nxb1+ 47. Bxb1
Rxf3 48. Kc2 Rf2+ 49. Kb3 Rxh2 50. Bc2 Rg2 51. Kxb2 Rxg3 52. Kc1 0-1

[Event "12sen.WM-H Naumburg"]
[Site "Naumburg/Saale(20.10.-03.11.)"]
[Date "2002.10.30"]
[Round "8"]
[White "Kloos, Gerhard"]
[Black "Vogel, Alfred[37Soemm]"]
[Result "0-1"]
[WhiteElo "1672"]
[BlackElo "1916"]
[PlyCount "84"]
[EventDate "2002.11.??"]

1. d4 d5 2. c4 c6 3. e3 Nf6 4. Nc3 Bf5 5. Bd3 Bxd3 6. Qxd3 e6 7. cxd5 exd5 8.
Nf3 Nbd7 9. O-O Be7 10. a4 O-O 11. Bd2 Re8 12. Ne5 Bd6 13. f4 Ne4 14. Nxe4 dxe4
15. Qe2 Nf6 16. Bc3 Nd5 17. Nc4 Be7 18. Ne5 f6 19. Ng4 Bd6 20. Nf2 f5 21. Nd1
Re6 22. Qh5 Qf8 23. Be1 Rae8 24. Qe2 Rg6 25. Nc3 Nf6 26. Rb1 a5 27. Nd1 Bc7 28.
Rc1 Nd5 29. Bd2 Kh8 30. Qf2 Qf6 31. Rc2 b6 32. Qe1 Rh6 33. Nc3 Nxc3 34. Bxc3
Bd8 35. b4 axb4 36. Bxb4 Qg6 37. Qf2 Qh5 38. Qg3 Bh4 39. Qh3 Qg6 40. g3 Be7 41.
Qg2 c5 42. dxc5 bxc5 0-1

[Event "12sen.WM-H Naumburg"]
[Site "Naumburg/Saale(20.10.-03.11.)"]
[Date "2002.10.30"]
[Round "8"]
[White "Klovans, Janis"]
[Black "Lieb, Harald"]
[Result "1-0"]
[WhiteElo "2417"]
[BlackElo "2314"]
[PlyCount "125"]
[EventDate "2002.11.??"]

1. e4 e6 2. d4 d5 3. Nc3 Nf6 4. Bg5 dxe4 5. Nxe4 Be7 6. Bxf6 gxf6 7. Nf3 a6 8.
Bd3 b5 9. a4 b4 10. O-O Bb7 11. Re1 Nd7 12. c4 bxc3 13. bxc3 c5 14. Rb1 Rb8 15.
Ng3 Qa5 16. Be4 Bxe4 17. Rxb8+ Nxb8 18. Nxe4 cxd4 19. Qxd4 Qd8 20. Qa7 O-O 21.
Nd4 f5 22. Ng3 Bf6 23. Nh5 Bxd4 24. cxd4 Qg5 25. Ng3 Qd2 26. Rb1 Nc6 27. Qxa6
Nxd4 28. Qc4 Rd8 29. h3 h5 30. Qc7 Qg5 31. Rb8 Rxb8 32. Qxb8+ Kh7 33. Qa7 Qg7
34. Kh2 h4 35. Nh5 Qe5+ 36. f4 Nf3+ 37. gxf3 Qe2+ 38. Kg1 Kh6 39. Qf2 Qd1+ 40.
Kh2 Kxh5 41. a5 Qc1 42. a6 Qxf4+ 43. Kg2 Qg5+ 44. Kh1 Qc1+ 45. Qg1 Qa3 46. a7
e5 47. Qf2 Qc1+ 48. Kg2 Qg5+ 49. Kf1 Qc1+ 50. Qe1 Qa3 51. Qxe5 Qxf3+ 52. Ke1
Kg6 53. Qd6+ f6 54. Qd4 Qb7 55. Kd2 Qg2+ 56. Kc1 Qf1+ 57. Kc2 Qg2+ 58. Kd1 Qb7
59. Qe3 Qb1+ 60. Ke2 Qa2+ 61. Kf1 Qb1+ 62. Qe1 Qb7 63. Qe8+ 1-0

[Event "12sen.WM-H Naumburg"]
[Site "Naumburg/Saale(20.10.-03.11.)"]
[Date "2002.10.30"]
[Round "8"]
[White "Klundt, Klaus"]
[Black "Winiwarter, Felix_Dr"]
[Result "1-0"]
[WhiteElo "2385"]
[BlackElo "2191"]
[PlyCount "139"]
[EventDate "2002.11.??"]

1. e4 e5 2. Nf3 Nc6 3. Bb5 a6 4. Ba4 Nf6 5. O-O Be7 6. Re1 b5 7. Bb3 O-O 8. d4
Nxd4 9. Nxd4 exd4 10. e5 Ne8 11. c3 d5 12. cxd4 c6 13. Bc2 f5 14. a4 Be6 15.
Nd2 Nc7 16. Nb3 Qb8 17. Bd2 Bd7 18. Qf3 bxa4 19. Rxa4 c5 20. Ra2 c4 21. Nc5
Bxc5 22. dxc5 Be6 23. b3 Nb5 24. bxc4 dxc4 25. Ba5 Nd4 26. Qd1 Nb5 27. Ra1 Ra7
28. Ba4 Rd7 29. Qc2 Nd4 30. Qc3 Nb5 31. Qb4 Rd5 32. Qxc4 Rxe5 33. Qb4 Bd5 34.
Rxe5 Qxe5 35. Re1 Qf6 36. Bxb5 axb5 37. Qxb5 Qg6 38. f3 Kh8 39. Qe2 Qc6 40. Qe7
Ra8 41. Bc3 Qg6 42. Qd6 Qxd6 43. cxd6 Kg8 44. Re7 g6 45. Rg7+ Kf8 46. Rc7 Be6
47. Bf6 Ra6 48. Bg7+ Kg8 49. d7 Rd6 50. Rc8+ Kxg7 51. d8=Q Rxd8 52. Rxd8 f4 53.
Ra8 Kf6 54. Kf2 Kg5 55. Ra5+ Bf5 56. Ra4 h5 57. g3 fxg3+ 58. hxg3 Bc2 59. Rb4
Bd3 60. Ke3 Bf5 61. Rb5 Kh6 62. Kf4 Bd3 63. Rc5 Bb1 64. Ke5 Bd3 65. Kf6 Be2 66.
Rc8 Kh7 67. f4 Bd3 68. Ke5 Bf5 69. Rc7+ Kh8 70. Kf6 1-0

[Event "12sen.WM-H Naumburg"]
[Site "Naumburg/Saale(20.10.-03.11.)"]
[Date "2002.10.30"]
[Round "8"]
[White "Knobling, Rolf"]
[Black "Weber, Siegfried[27Fech]"]
[Result "1-0"]
[WhiteElo "1474"]
[BlackElo "1588"]
[PlyCount "89"]
[EventDate "2002.11.??"]

1. e4 c5 2. Nf3 d6 3. d4 cxd4 4. Nxd4 Nf6 5. Nc3 g6 6. f3 Bg7 7. Be3 Nc6 8. Qd2
Nxd4 9. Bxd4 Be6 10. g4 Qa5 11. h4 O-O 12. O-O-O h5 13. g5 Nd7 14. Bxg7 Kxg7
15. Kb1 Rfc8 16. Nd5 Qxd2 17. Rxd2 Bxd5 18. Rxd5 Nb6 19. Rb5 Rc7 20. Bh3 Nc4
21. Rh2 a6 22. Rb4 e6 23. b3 Ne5 24. f4 Nc6 25. Rc4 Re7 26. f5 exf5 27. exf5
gxf5 28. Bxf5 d5 29. Rf4 Rae8 30. Rhf2 Re2 31. Bd3 Rxf2 32. Rxf2 Re6 33. Be2
Kg8 34. Bd3 Kg7 35. c3 a5 36. Kc2 b6 37. Bb5 Ne5 38. Be2 Kg6 39. Rf4 Nc6 40.
Kd2 b5 41. c4 d4 42. Bd3+ Kg7 43. Be4 Ne5 44. Bd5 Rd6 45. Rf5 1-0

[Event "12sen.WM-H Naumburg"]
[Site "Naumburg/Saale(20.10.-03.11.)"]
[Date "2002.10.30"]
[Round "8"]
[White "Kovacs, Les"]
[Black "Roellig, Wolfgang"]
[Result "1-0"]
[WhiteElo "1600"]
[BlackElo "1442"]
[PlyCount "97"]
[EventDate "2002.11.??"]

1. Nf3 d5 2. g3 Nf6 3. Bg2 Bf5 4. d4 h6 5. O-O e6 6. b3 Bd6 7. Bb2 c6 8. Nbd2
O-O 9. Ne5 Nbd7 10. Ndf3 Qc7 11. h3 Rfe8 12. g4 Be4 13. Rc1 Bxf3 14. Nxd7 Nxd7
15. Bxf3 e5 16. c4 Qb8 17. cxd5 cxd5 18. Bxd5 exd4 19. Bxd4 Be5 20. e3 Bxd4 21.
Qxd4 Nf6 22. Bg2 a6 23. Qb6 Qa7 24. Qxb7 Qxb7 25. Bxb7 Rab8 26. Bg2 Red8 27.
Rc2 Rbc8 28. Rfc1 Rxc2 29. Rxc2 Rd1+ 30. Kh2 Rd8 31. b4 Rd3 32. e4 Nd7 33. f4
Nf8 34. f5 Nd7 35. Bf1 Re3 36. Re2 Rf3 37. Bg2 Rd3 38. e5 Kf8 39. e6 Nf6 40.
e7+ Ke8 41. Bc6+ Nd7 42. b5 axb5 43. Bxb5 Rd5 44. a4 f6 45. Kg3 Re5 46. Rxe5
fxe5 47. Bxd7+ Kxd7 48. a5 Kxe7 49. a6 1-0

[Event "12sen.WM-H Naumburg"]
[Site "Naumburg/Saale(20.10.-03.11.)"]
[Date "2002.10.30"]
[Round "8"]
[White "Kraemer, Marianne"]
[Black "Otto, Klaus"]
[Result "1/2-1/2"]
[WhiteElo "1480"]
[BlackElo "1652"]
[PlyCount "90"]
[EventDate "2002.11.??"]

1. e4 e6 2. Nc3 d5 3. exd5 exd5 4. d4 Bf5 5. Nf3 Nf6 6. Bd3 Bg6 7. O-O Be7 8.
Re1 O-O 9. Ne5 Bxd3 10. Qxd3 h6 11. Qg3 Kh8 12. Qf3 c6 13. h3 Nbd7 14. Bd2 Nxe5
15. dxe5 Ne4 16. Re2 Nxd2 17. Rxd2 Bb4 18. Rad1 Qa5 19. a3 Bxc3 20. Qxc3 Qxc3
21. bxc3 Rfe8 22. f4 Re6 23. c4 dxc4 24. Rd7 f6 25. Rxb7 fxe5 26. f5 Rf6 27. g4
g6 28. fxg6 Rxg6 29. Rdd7 h5 30. Rh7+ Kg8 31. Rxh5 Re8 32. Rxa7 Rf6 33. Rah7
Ref8 34. Rh8+ Kg7 35. Rxf8 Rxf8 36. Rxe5 Rf3 37. a4 Rxh3 38. Re4 Rc3 39. a5
Rxc2 40. a6 Ra2 41. a7 Rxa7 42. Rxc4 Rc7 43. Kf2 c5 44. Ke3 Kg6 45. Kf4 Kf6
1/2-1/2

[Event "12sen.WM-H Naumburg"]
[Site "Naumburg/Saale(20.10.-03.11.)"]
[Date "2002.10.30"]
[Round "8"]
[White "Kraft, Gerhard"]
[Black "Meszaros, Ignac"]
[Result "0-1"]
[WhiteElo "1819"]
[BlackElo "2144"]
[PlyCount "114"]
[EventDate "2002.11.??"]

1. e4 c5 2. Nf3 Nc6 3. c3 e6 4. d4 d5 5. exd5 exd5 6. Be3 c4 7. b3 cxb3 8. axb3
Nf6 9. Bd3 Be7 10. O-O Bg4 11. h3 Bh5 12. Nbd2 O-O 13. Qc2 Rc8 14. Bf5 Bg6 15.
Nh4 Bxf5 16. Nxf5 Re8 17. Nxe7+ Qxe7 18. Rfe1 a6 19. Qf5 Qd7 20. Qxd7 Nxd7 21.
c4 Nb6 22. cxd5 Nxd5 23. Nc4 Nxe3 24. fxe3 Rcd8 25. Rad1 Nb4 26. Re2 Nd5 27.
Rde1 b5 28. Ne5 f6 29. Nf3 Rc8 30. e4 Nf4 31. Rd2 Rc3 32. b4 Nd3 33. Re3 Rc1+
34. Kh2 Nxb4 35. d5 a5 36. e5 fxe5 37. Nxe5 Rc5 38. d6 Rexe5 39. d7 Nc6 40.
d8=Q+ Nxd8 41. Rxd8+ Kf7 42. Rf3+ Ke6 43. Rff8 Rc7 44. Ra8 a4 45. Ra6+ Kd5 46.
Rd8+ Kc4 47. Rad6 Ree7 48. Rd4+ Kb3 49. R8d5 Rb7 50. Rd3+ Kb4 51. R3d4+ Ka5 52.
Kg3 Ka6 53. Rd6+ Rb6 54. Rd8 a3 55. Rb4 a2 56. Rd1 Re2 57. Kf3 Rc2 0-1

[Event "12sen.WM-H Naumburg"]
[Site "Naumburg/Saale(20.10.-03.11.)"]
[Date "2002.10.30"]
[Round "8"]
[White "Kraidman, Yair"]
[Black "Gaspariants, Garry"]
[Result "1-0"]
[WhiteElo "2314"]
[BlackElo "2240"]
[PlyCount "160"]
[EventDate "2002.11.??"]

1. d4 Nf6 2. c4 g6 3. Nc3 Bg7 4. e4 d6 5. f3 O-O 6. Be3 Nc6 7. Nge2 a6 8. Nc1
e5 9. d5 Nd4 10. Nb3 Nxb3 11. Qxb3 Nh5 12. Qc2 f5 13. O-O-O f4 14. Bf2 b6 15.
Kb1 Bf6 16. g4 fxg3 17. hxg3 Bg5 18. Be2 Nf6 19. Rh2 Qe7 20. Rdh1 Rf7 21. Nd1
Nd7 22. Ne3 Nf8 23. Ng2 Bd7 24. Ne1 a5 25. Nd3 Re8 26. a3 Ra8 27. b3 Qe8 28.
Kb2 Qe7 29. Qc3 Qe8 30. Rf1 Qe7 31. Bg1 Re8 32. Ka2 Bc8 33. b4 axb4 34. axb4
Bd7 35. Kb2 Ra8 36. Bf2 Qe8 37. Rhh1 Bc8 38. Ra1 Rxa1 39. Rxa1 Qd7 40. Ra7 Qh3
41. Ra8 Bd7 42. Qe1 Qg2 43. Qg1 Bh3 44. Qxg2 Bxg2 45. Ne1 Bh1 46. Kc2 Kg7 47.
Rc8 h5 48. c5 bxc5 49. bxc5 dxc5 50. Bxc5 Nh7 51. Nd3 Bf6 52. Be3 g5 53. Nc5
Nf8 54. Kd3 h4 55. g4 h3 56. Bg1 Be7 57. Rxc7 Bxc5 58. Rxc5 Bxf3 59. Bh2 Ng6
60. d6 Nf4+ 61. Bxf4 Rxf4 62. d7 Bxe2+ 63. Ke3 Rf8 64. Rxe5 Bc4 65. Re8 h2 66.
Rxf8 h1=Q 67. d8=Q Qc1+ 68. Kd4 Bf7 69. Rxf7+ Kxf7 70. Qd7+ Kg6 71. Qe6+ Kg7
72. Kd5 Qd2+ 73. Kc6 Qc3+ 74. Kd7 Qd4+ 75. Ke8 Qf6 76. Qe7+ Kg6 77. Kd7 Qf4 78.
Qd6+ Kh7 79. Qe6 Qd2+ 80. Ke7 Qf4 1-0

[Event "12sen.WM-H Naumburg"]
[Site "Naumburg/Saale(20.10.-03.11.)"]
[Date "2002.10.30"]
[Round "8"]
[White "Krueger, Sigurd"]
[Black "Kuhn, Arno[29Ludw]"]
[Result "1-0"]
[WhiteElo "1872"]
[BlackElo "1532"]
[PlyCount "73"]
[EventDate "2002.11.??"]

1. c4 e5 2. Nc3 Nf6 3. g3 Bc5 4. Bg2 O-O 5. e3 c6 6. d4 exd4 7. exd4 Bb4 8.
Nge2 Re8 9. O-O d6 10. Bd2 Bf5 11. Re1 Qc8 12. Nf4 Nbd7 13. Rc1 Nf8 14. a3 Ba5
15. d5 Qd7 16. Qa4 Bb6 17. dxc6 Qc7 18. Ncd5 Qd8 19. cxb7 Rb8 20. Nxf6+ gxf6
21. Rxe8 Qxe8 22. Qxe8 Rxe8 23. Nd5 Kg7 24. Bf4 Nd7 25. Bxd6 Nb8 26. c5 Rd8 27.
cxb6 axb6 28. Bc7 Re8 29. Bxb6 Be4 30. Re1 f5 31. Bd4+ Kg6 32. f3 Nc6 33. fxe4
f4 34. Nxf4+ Kg5 35. h4+ Kg4 36. Bf2 Ne5 37. Bh3+ 1-0

[Event "12sen.WM-H Naumburg"]
[Site "Naumburg/Saale(20.10.-03.11.)"]
[Date "2002.10.30"]
[Round "8"]
[White "Kudoke, Willy"]
[Black "Neese, Hans_Joachim"]
[Result "0-1"]
[WhiteElo "2024"]
[BlackElo "2247"]
[PlyCount "74"]
[EventDate "2002.11.??"]

1. c4 Nf6 2. Nc3 g6 3. g3 Bg7 4. Bg2 O-O 5. e4 c5 6. Nge2 Nc6 7. O-O d6 8. h3
Bd7 9. d3 a6 10. Kh2 e6 11. Bf4 Ne5 12. Bxe5 dxe5 13. Qc2 Qc7 14. a4 b6 15.
Rfb1 a5 16. Rf1 Rad8 17. Rad1 Bc6 18. Rfe1 Bh6 19. Ng1 Rd7 20. Bf1 Rfd8 21. f3
Qd6 22. Kg2 Qe7 23. b3 Rb7 24. Qf2 Nd7 25. Kh2 Nb8 26. h4 Rbd7 27. Nh3 Bb7 28.
g4 f6 29. Qg3 Bg7 30. g5 f5 31. Nf2 Re8 32. Bh3 Nc6 33. exf5 exf5 34. Bxf5 gxf5
35. Nd5 Rxd5 36. cxd5 Nd4 37. f4 Bxd5 0-1

[Event "12sen.WM-H Naumburg"]
[Site "Naumburg/Saale(20.10.-03.11.)"]
[Date "2002.10.30"]
[Round "8"]
[White "Kuehn, Peter"]
[Black "Schneider, Siegfried[42Wilk]"]
[Result "0-1"]
[WhiteElo "2008"]
[BlackElo "1676"]
[PlyCount "126"]
[EventDate "2002.11.??"]

1. e4 c5 2. Nf3 a6 3. a4 Nc6 4. d4 cxd4 5. Nxd4 e5 6. Nb3 Nf6 7. Bd3 d5 8. exd5
Nxd5 9. O-O Be7 10. Bd2 O-O 11. Nc3 Be6 12. Nxd5 Qxd5 13. Qe2 f5 14. c4 Qd7 15.
Bc2 Rac8 16. Rfc1 Qc7 17. Bd1 Rfd8 18. a5 Nd4 19. Nxd4 Rxd4 20. b3 Re4 21. Qf1
Rd4 22. Bc3 Rd7 23. Qe2 e4 24. Bc2 Bd6 25. Qh5 Be5 26. Bxe5 Qxe5 27. Rd1 Rxd1+
28. Qxd1 f4 29. Ra2 Re8 30. Bb1 Bf5 31. Rd2 e3 32. Rd8 exf2+ 33. Kxf2 Qe3+ 34.
Kf1 Bxb1 35. Rxe8+ Qxe8 36. Qxb1 Qe3 37. Qe1 Qxe1+ 38. Kxe1 g5 39. b4 Kf7 40.
b5 Ke6 41. c5 Kd7 42. bxa6 bxa6 43. h3 h5 44. Ke2 g4 45. h4 Kc6 46. Kd3 Kxc5
47. Ke4 f3 48. gxf3 gxf3 49. Kxf3 Kb5 50. Kf4 Kxa5 51. Kg5 Kb5 52. Kxh5 a5 53.
Kg6 a4 54. h5 a3 55. h6 a2 56. Kf7 a1=Q 57. Kg8 Qa8+ 58. Kg7 Qb7+ 59. Kg8 Qc8+
60. Kg7 Qd7+ 61. Kg8 Qd8+ 62. Kg7 Qg5+ 63. Kh7 Kc6 0-1

[Event "12sen.WM-H Naumburg"]
[Site "Naumburg/Saale(20.10.-03.11.)"]
[Date "2002.10.30"]
[Round "8"]
[White "Kuhnert, Werner"]
[Black "Krischer, Ulrich"]
[Result "0-1"]
[WhiteElo "1217"]
[BlackElo "1730"]
[PlyCount "61"]
[EventDate "2002.11.??"]

1. d4 d5 2. c4 e6 3. Nc3 Nf6 4. Nf3 c5 5. e3 Nc6 6. Be2 Be7 7. Qc2 O-O 8. O-O
a6 9. a3 cxd4 10. exd4 dxc4 11. Rd1 b5 12. Bg5 Nd5 13. Bxe7 Qxe7 14. Nxd5 exd5
15. Bf1 Qf6 16. Qd2 Bg4 17. Be2 h6 18. Qc3 Rfe8 19. Re1 Rad8 20. Rad1 a5 21. h3
b4 22. axb4 axb4 23. Qd2 Bf5 24. Nh2 Re4 25. Nf3 b3 26. Qc3 Rde8 27. Bf1 Rxe1
28. Rxe1 Rxe1 29. Qxe1 Nxd4 30. Nxd4 Qxd4 31. Qd2 0-1

[Event "12sen.WM-H Naumburg"]
[Site "Naumburg/Saale(20.10.-03.11.)"]
[Date "2002.10.30"]
[Round "8"]
[White "Kummer, Heinz"]
[Black "Meinhardt, Guenther"]
[Result "1/2-1/2"]
[WhiteElo "2051"]
[BlackElo "1763"]
[PlyCount "40"]
[EventDate "2002.11.??"]

1. e4 d5 2. exd5 Nf6 3. d4 Nxd5 4. c4 Nb6 5. Be3 c6 6. Nc3 Bf5 7. Nf3 N8d7 8.
Be2 e6 9. O-O Be7 10. Qd2 O-O 11. Rfd1 Bg4 12. b3 Nf6 13. Ne5 Bxe2 14. Qxe2 Bb4
15. Qc2 Qe7 16. Ne4 Nxe4 17. Qxe4 Rad8 18. Qg4 Nd7 19. Nf3 Nf6 20. Qh4 Nd7
1/2-1/2

[Event "12sen.WM-H Naumburg"]
[Site "Naumburg/Saale(20.10.-03.11.)"]
[Date "2002.10.30"]
[Round "8"]
[White "Kunath, Werner"]
[Black "Kahn, Peter"]
[Result "0-1"]
[WhiteElo "2122"]
[BlackElo "1939"]
[PlyCount "92"]
[EventDate "2002.11.??"]

1. d4 d5 2. c4 e6 3. Nc3 Nf6 4. Nf3 Nbd7 5. cxd5 exd5 6. Bg5 Be7 7. e3 c6 8.
Bd3 O-O 9. Qc2 Re8 10. h3 Ne4 11. Bxe7 Qxe7 12. O-O-O b5 13. Bxe4 dxe4 14. Nd2
Nf6 15. g4 b4 16. Na4 Be6 17. Nc5 Bd5 18. Rde1 Nd7 19. f4 Nxc5 20. Qxc5 Qxc5+
21. dxc5 Reb8 22. Kb1 a5 23. Nb3 Bxb3 24. axb3 Rd8 25. Rd1 Kf8 26. Kc2 Ke7 27.
f5 Kf6 28. Rhf1 Rd5 29. Rxd5 cxd5 30. Kd2 Rc8 31. Rc1 Rc6 32. Ke2 h5 33. Kf2
hxg4 34. hxg4 g6 35. fxg6 fxg6 36. Kg3 Ke5 37. Rc2 d4 38. exd4+ Kxd4 39. Kf4
Kd3 40. Rc1 e3 41. Rd1+ Ke2 42. Rd6 Rxc5 43. Re6 g5+ 44. Ke4 Rc8 45. Re5 Rd8
46. Rxg5 Kd2 0-1

[Event "12sen.WM-H Naumburg"]
[Site "Naumburg/Saale(20.10.-03.11.)"]
[Date "2002.10.30"]
[Round "8"]
[White "Lardot, Derik"]
[Black "Frauenfelder, Rudolf"]
[Result "1/2-1/2"]
[WhiteElo "1916"]
[BlackElo "2151"]
[PlyCount "93"]
[EventDate "2002.11.??"]

1. e4 c5 2. c3 Nf6 3. e5 Nd5 4. d4 cxd4 5. cxd4 d6 6. Nf3 Nc6 7. Nc3 dxe5 8.
dxe5 Ndb4 9. a3 Qxd1+ 10. Kxd1 Na6 11. Nd5 e6 12. Ne3 Be7 13. b4 Nc7 14. Bb2
O-O 15. Bd3 Nd5 16. Nxd5 exd5 17. b5 Na5 18. Nd2 b6 19. Rc1 Bc5 20. f4 Be3 21.
Rc7 Bxf4 22. Rf1 Bg5 23. Nf3 Bd8 24. Rc2 Nb3 25. Re2 Be6 26. Bc2 Nc5 27. h3 d4
28. Rd2 Bc4 29. Re1 d3 30. Bb1 Bxb5 31. Re3 Be7 32. g4 h6 33. h4 Rad8 34. g5
Bc4 35. Nd4 Rxd4 36. Bxd4 Nb3 37. gxh6 Nxd2 38. Kxd2 Bxh4 39. hxg7 Rd8 40. Kc3
Rxd4 41. Kxd4 Bf2 42. Kxc4 Bxe3 43. Kxd3 Bc5 44. a4 Kxg7 45. Kc4 Kf8 46. Kd5
Ke7 47. Ba2 1/2-1/2

[Event "12sen.WM-H Naumburg"]
[Site "Naumburg/Saale(20.10.-03.11.)"]
[Date "2002.10.30"]
[Round "8"]
[White "Limberg, Siegfried"]
[Black "Suchsland, Helmut_Dr"]
[Result "1-0"]
[WhiteElo "2128"]
[BlackElo "1786"]
[PlyCount "107"]
[EventDate "2002.11.??"]

1. d4 d5 2. Nf3 Nf6 3. e3 c5 4. c3 e6 5. Bd3 Nc6 6. Nbd2 Bd6 7. O-O e5 8. dxc5
Bxc5 9. e4 O-O 10. exd5 Qxd5 11. Bc4 Qd8 12. b4 Bd6 13. Qc2 Kh8 14. Ng5 Qc7 15.
Qb3 Nd8 16. Nde4 Nxe4 17. Nxe4 Bf5 18. Nxd6 Qxd6 19. Be3 Qg6 20. Rfe1 Rc8 21.
Bf1 Ne6 22. Rac1 Rfd8 23. Qb2 Be4 24. Kh1 f5 25. f3 Bc6 26. b5 Bd7 27. Bxa7 e4
28. Qf2 Ng5 29. Bb6 Rf8 30. Red1 Be6 31. a4 exf3 32. gxf3 Bb3 33. Rd7 Qe6 34.
Qd4 Qh6 35. f4 Nf3 36. Qf2 Nh4 37. Bd4 Rf7 38. Rxf7 Bxf7 39. c4 Bh5 40. Rc3 Ng6
41. Rg3 Rc7 42. Rg5 Bg4 43. a5 Re7 44. a6 Bh3 45. a7 Re8 46. b6 Bxf1 47. Qxf1
Qh4 48. Rg3 Qh5 49. c5 Kg8 50. c6 Nxf4 51. cxb7 Ne2 52. Rxg7+ Kf8 53. Be5 Rxe5
54. b8=Q+ 1-0

[Event "12sen.WM-H Naumburg"]
[Site "Naumburg/Saale(20.10.-03.11.)"]
[Date "2002.10.30"]
[Round "8"]
[White "Littlewood, John_E"]
[Black "Packroff, Hermann"]
[Result "1/2-1/2"]
[WhiteElo "2292"]
[BlackElo "2262"]
[PlyCount "78"]
[EventDate "2002.11.??"]

1. e4 Nf6 2. d3 e5 3. Nf3 Nc6 4. Nc3 d5 5. exd5 Nxd5 6. Be2 Be7 7. O-O O-O 8.
Re1 Nxc3 9. bxc3 Bf5 10. Nd2 Qd7 11. Bf3 f6 12. Rb1 b6 13. a4 Rad8 14. Nb3 Rfe8
15. Be3 Bf8 16. Nd2 Na5 17. Ra1 c5 18. Qb1 Be6 19. c4 Bd6 20. Nb3 Nc6 21. a5
Nd4 22. Bxd4 cxd4 23. axb6 axb6 24. Ra6 Qc7 25. g3 Bc8 26. Bd5+ Kf8 27. Ra8 Bd7
28. Rxd8 Rxd8 29. Qd1 Bc6 30. Bxc6 Qxc6 31. Qh5 Kg8 32. Qf5 Bf8 33. h4 b5 34.
cxb5 Qxb5 35. h5 Qc6 36. Re2 Ra8 37. f4 Qf3 38. Qe4 Qxg3+ 39. Rg2 Qh4 1/2-1/2